| 000 | 00449nam a2200157Ia 4500 | ||
|---|---|---|---|
| 005 | 20260402113046.0 | ||
| 022 | _a1597-1627 | ||
| 050 | _aRA 552.N5 .A56 | ||
| 245 | 0 | _aAnnals of Ibadan postgraduate medicine | |
| 260 | _aIbadan, Oyo State. | ||
| 260 | _bUniversity college hospital | ||
| 260 | _c2023 | ||
| 300 | _aii, 81 p. :ill. ; 29 cm. | ||
| 650 | _a Public health--Nigeria--Periodicals. Medicine--Nigeria--Periodicals. | ||
| 942 |
_cSR _2lcc |
||
| 999 |
_c44249 _d44249 |
||